| Tag |
First Indicator |
Second Indicator |
Subfields |
| LEADER |
00000cam a2200000 4500 |
| 001 |
in00000058163 |
| 005 |
20160130063847.0 |
| 008 |
760510s1935 nyu b 00010 eng |
| 010 |
|
|
|a 35027298
|
| 035 |
|
|
|a (OCoLC)02167382
|
| 035 |
|
|
|9 AAG8273AM
|
| 040 |
|
|
|a DLC
|c KSU
|d TXA
|d UtOrBLW
|
| 049 |
|
|
|a TXAM
|c [230774]
|
| 050 |
|
0 |
|a HQ796
|b .P4
|
| 082 |
0 |
|
|a 369.4
|
| 092 |
|
|
|a 369.4
|b P398o
|
| 100 |
1 |
|
|a Pendry, Elizabeth R.
|q (Elizabeth Ruth),
|d 1890-
|
| 245 |
1 |
0 |
|a Organizations for youth ;
|b leisure time and character building procedures /
|c by Elizabeth R. Pendry ... and Hugh Hartshorne.
|
| 250 |
|
|
|a 1st ed.
|
| 264 |
|
1 |
|a New York,
|a London :
|b McGraw-Hill book company, inc.,
|c 1935.
|
| 300 |
|
|
|a xii, 359 pages ;
|c 21 cm.
|
| 336 |
|
|
|a text
|b txt
|2 rdacontent
|
| 337 |
|
|
|a unmediated
|b n
|2 rdamedia
|
| 338 |
|
|
|a volume
|b nc
|2 rdacarrier
|
| 504 |
|
|
|a "Resources for the study of the character education": page 7.
|
| 505 |
0 |
|
|a Societies. Junior programs of adult groups.--Plans for schools.--Special interest plans.--Interreligious groups.
|
| 650 |
|
0 |
|a Boys
|x Societies and clubs.
|
| 650 |
|
0 |
|a Girls
|x Societies and clubs.
|
| 650 |
|
0 |
|a Child welfare
|z United States.
|
| 650 |
|
0 |
|a Associations, institutions, etc.
|z United States.
|
| 650 |
|
0 |
|a Character.
|
| 650 |
|
0 |
|a Moral education.
|
| 700 |
1 |
|
|a Hartshorne, Hugh,
|d 1885-1967.
|
| 740 |
0 |
|
|a Character building procedures.
|
| 999 |
|
|
|a MARS
|
| 999 |
f |
f |
|s 7f4b1d05-7b5d-335c-a7d9-4a93e60b706c
|i 063ba4f8-ea53-3f1d-bc0e-a224adb90ce9
|t 0
|
| 952 |
f |
f |
|p ric
|a Texas A&M University
|b Rellis Campus
|c Joint Library Facility
|d Remote Storage
|t 0
|e HQ796 .P4
|h Library of Congress classification
|i unmediated -- volume
|m A14800816961
|
| 998 |
f |
f |
|a HQ796 .P4
|t 0
|l Remote Storage
|